000 00768nam a2200205Ia 4500
001 15572
003 GE_BSU
008 181216s||||||||xx |||||||||||||| ||und||
040 _cGE_BSU
080 _a821.353.1-1+821.353.1-11
100 _aწერეთელი, ა.
245 _aრჩეული ნაწერები
245 _cწინასიტყვ. გერონტი ქიქოძე. რედ.ა.მაშაშვილი.შ.დადიანი. გ.ქიქოძე. მხატვ.შ.ბერიტაშვილი
260 _aთბილისი
260 _bფედერაცია
260 _c1940
300 _a550გვ;21სმ.
653 _aრჩეული ნაწერები
942 _cBK
999 _c48672
_d48672